| 000 | 00461nam a22001697a 4500 | ||
|---|---|---|---|
| 005 | 20230118112922.0 | ||
| 008 | 210301b ||||| |||| 00| 0 eng d | ||
| 020 | _a97893889911094 | ||
| 041 | _aeng | ||
| 082 | _a542 CHR-A | ||
| 100 |
_aCHRISTIAN GARY D AND PURNENDE K & SCHUGE ,KEVINA _96443 |
||
| 245 | _aANALYTICAL CHEMISTRY : AN INDIAN ADAPTATION | ||
| 260 |
_aINDIA _bWILEY _c2020 |
||
| 300 | _a928,P. | ||
| 650 |
_aPHARMACY _xD.PHARMA _97090 |
||
| 942 | _cBK | ||
| 999 |
_c7492 _d7490 |
||